Schválená dôchodková reforma

V Nemecku odštartoval najväčší starobný majetkový program všetkých čias. Cieľ a dôležité body reformy.

Salvato in:
Dettagli Bibliografici
Autore principale: Stahlová, Jarmila
Natura: Capitolo di libro
Lingua:slovacco
Soggetti:
Tags: Aggiungi Tag
Nessun Tag, puoi essere il primo ad aggiungerne!!

MARC

LEADER 00000naa a2200000 4500
001 r042172
005 20230920073327.3
041 0 |a slo 
044 |a SK 
245 1 0 |a Schválená dôchodková reforma  |c Jarmila Stahlová 
520 |a V Nemecku odštartoval najväčší starobný majetkový program všetkých čias. Cieľ a dôležité body reformy. 
610 2 0 |a zabezpečenie dôchodkové 
610 2 0 |a Nemecko 
610 2 0 |a reformy 
610 2 0 |a poistenie dôchodkové 
610 2 0 |a majetok 
610 2 0 |a úpravy právne 
610 2 0 |a dôchodky 
610 2 0 |a dôchodcovia 
100 1 |a Stahlová, Jarmila